Score 0/14 Timer 02:00
3 Plays Today
Movie Shared Word % Correct
____ to the Future
1985
Back
97.8%
____ Will Hunting
1997
Good
96.4%
Scary _____
2000
Movie
96.4%
Crazy, Stupid, ____
2011
Love
96.4%
Natural ____ Killers
1994
Born
96.2%
Zack and Miri ____ a Porno
2008
Make
95.9%
All The Right ____
1983
Moves
94.4%
Movie Shared Word % Correct
_____ Night Lights
2006
Friday
93.1%
____ Alone
1990
Home
92.4%
___ Another Day
2002
Die
91.6%
_____ To Watch Over Me
1987
Someone
89.8%
____ Impact
1998
Deep
86.5%
_____ A Paddle
2004
Without
72.5%
____ Man
1988
Rain
54.7%

Today's Daily Dose

Remove Ads.
Support Sporcle.
Get the best of Sporcle when you Go Orange. This ad-free experience offers more features, more stats, and more fun while also helping to support Sporcle. Thank you for becoming a member.

You're not logged in!

Compare scores with friends on all Sporcle quizzes.
OR
Log In

Show Comments

Extras

Top Quizzes Today


Score Distribution

Your Account Isn't Verified!

In order to create a playlist on Sporcle, you need to verify the email address you used during registration. Go to your Sporcle Settings to finish the process.

Report this User

Report this user for behavior that violates our Community Guidelines.

Details: